000
00224 a2200097 4500
020
_a
9780008706623
100
_a
Isaac Asimov
245
_a
Magic: the final fantasy collection
260
_b
Harper Collins
_c
2025
942
_c
OO
999
_c
115653
_d
115652